00478nam a2200181Ia 4500008004100000020001800041020001500059082001400074082001700088245003200105245003200137250004000169260001500209260002300224260000900247700000900256700003100265210417s9999 xx 000 0 und d a9788187317401 b818731740X a420.9 LAT b22.420.9 LAT 0aHistory of English Language 0cHistory of English Language b"xix, 809 p : ill. ; 26 cm. ; hbk." aNew |Delhi bRajat Publications c2018 aNULL b Rajat Publications (2017)